[Event "Politiken Cup 2007"]
[Site "Helsingor"]
[Date "2007.07.24"]
[Round "5.32"]
[White "Van Eijk, Sander"]
[Black "Laursen, Niels Norskov"]
[Result "0-1"]
[WhiteElo "2274"]
[BlackElo "2186"]
[PlyCount "56"]
[EventDate "2007.??.??"]

1. e4 c5 2. Nf3 e6 3. d4 cxd4 4. Nxd4 a6 5. Nc3 Qc7 6. Bd3 Nf6 7. O-O Bc5 8.
Nb3 Be7 9. f4 d6 10. a4 b6 11. e5 Nfd7 12. exd6 Bxd6 13. Ne4 Be7 14. f5 exf5
15. Bf4 Ne5 16. Ng3 g6 17. Re1 f6 18. Nxf5 Bxf5 19. Bxf5 gxf5 20. Qh5+ Kd8 21.
Rad1+ Kc8 22. Qxf5+ Kb7 23. Rxe5 fxe5 24. Bxe5 Rf8 25. Qe4+ Qc6 26. Qg4 Rd8 27.
Rf1 Qd7 28. Qe4+ Qd5 0-1

[Event "Politiken Cup 2007"]
[Site "Helsingor"]
[Date "2007.07.24"]
[Round "5.33"]
[White "Rosenkilde, Alexander"]
[Black "Hagen, Andreas Skytte"]
[Result "1/2-1/2"]
[WhiteElo "2047"]
[BlackElo "2256"]
[PlyCount "64"]
[EventDate "2007.??.??"]

1. d4 Nf6 2. c4 e6 3. Nf3 b6 4. g3 Ba6 5. Qc2 c5 6. Bg2 Bb7 7. dxc5 Bxc5 8. Nc3
Nc6 9. O-O O-O 10. a3 Qc8 11. Qd3 Be7 12. b4 Ng4 13. Bf4 Bf6 14. Rac1 Nce5 15.
Bxe5 Nxe5 16. Nxe5 Bxe5 17. Rfd1 Bxg2 18. Kxg2 Qc6+ 19. f3 Rfd8 20. Ne4 f5 21.
Nd6 Bxd6 22. Qxd6 Qxd6 23. Rxd6 Kf7 24. e4 fxe4 25. fxe4 Rac8 26. e5 Ke7 27. g4
Rc6 28. Rd4 d5 29. exd6+ Rcxd6 30. Rxd6 Rxd6 31. Rc3 Rd4 32. Kf3 Kd6 1/2-1/2

[Event "Politiken Cup 2007"]
[Site "Helsingor"]
[Date "2007.07.24"]
[Round "5.34"]
[White "Tuominen, Risto"]
[Black "Smeele, Frank"]
[Result "1-0"]
[WhiteElo "2272"]
[BlackElo "2173"]
[PlyCount "39"]
[EventDate "2007.??.??"]

1. d4 d5 2. c4 c6 3. Nc3 dxc4 4. e4 b5 5. a4 e5 6. Be3 Bb4 7. Nf3 Bg4 8. Be2
Nf6 9. O-O Bxc3 10. bxc3 Nxe4 11. Qc2 Bf5 12. g4 Bg6 13. Nxe5 Nf6 14. Nxg6 hxg6
15. axb5 Qd6 16. f4 cxb5 17. Bf3 Nc6 18. Ra6 Rc8 19. Qg2 O-O 20. Bxc6 1-0

[Event "Politiken Cup 2007"]
[Site "Helsingor"]
[Date "2007.07.24"]
[Round "5.35"]
[White "Rohit, G."]
[Black "Johansson, Alexander"]
[Result "1-0"]
[WhiteElo "2470"]
[BlackElo "2028"]
[PlyCount "61"]
[EventDate "2007.??.??"]

1. e4 c5 2. Nf3 d6 3. Bc4 Nf6 4. d3 e6 5. O-O Be7 6. Bb3 O-O 7. c3 Nc6 8. Re1
Qc7 9. Nbd2 b6 10. Nf1 Bb7 11. Ng3 Rac8 12. Bf4 Rfd8 13. Rc1 Qb8 14. d4 cxd4
15. cxd4 Na5 16. Bc2 h6 17. Qd3 Nc4 18. Bb1 b5 19. b3 Na3 20. e5 Rxc1 21. Rxc1
dxe5 22. Bxe5 Bd6 23. Bxf6 gxf6 24. Qh7+ Kf8 25. Qxh6+ Ke7 26. Nh5 Nxb1 27.
Qxf6+ Kf8 28. Ng5 Bxh2+ 29. Kh1 Bxg2+ 30. Kxg2 Qb7+ 31. Kxh2 1-0

[Event "Politiken Cup 2007"]
[Site "Helsingor"]
[Date "2007.07.24"]
[Round "5.36"]
[White "Rasmussen, Uffe"]
[Black "Hammer, Jon Ludvig"]
[Result "0-1"]
[WhiteElo "2136"]
[BlackElo "2412"]
[PlyCount "60"]
[EventDate "2007.??.??"]

1. e4 c5 2. Nc3 Nc6 3. f4 g6 4. Nf3 Bg7 5. Bc4 e6 6. f5 Nge7 7. fxe6 dxe6 8. d3
Na5 9. Bb3 O-O 10. O-O Bd7 11. Bg5 b5 12. Qe1 f6 13. Bd2 Rb8 14. Nd5 Nec6 15.
Nf4 Nxb3 16. axb3 c4 17. b4 e5 18. Nd5 cxd3 19. Be3 Be6 20. Qc3 Bxd5 21. exd5
Qxd5 22. Bxa7 Rbc8 23. Bc5 Nxb4 24. Qxb4 Qxc5+ 25. Qxc5 Rxc5 26. cxd3 Rd8 27.
d4 exd4 28. Ra7 Bh6 29. Nxd4 Be3+ 30. Kh1 Rxd4 0-1

[Event "Politiken Cup 2007"]
[Site "Helsingor"]
[Date "2007.07.24"]
[Round "5.37"]
[White "Finnlaugsson, Gunnar"]
[Black "Kleiman, Jake"]
[Result "1/2-1/2"]
[WhiteElo "2116"]
[BlackElo "2312"]
[PlyCount "52"]
[EventDate "2007.??.??"]

1. e4 c5 2. Nf3 e6 3. d4 cxd4 4. Nxd4 a6 5. Nc3 Qc7 6. g3 Bb4 7. Nde2 Nf6 8.
Bg2 Nc6 9. O-O Be7 10. a4 O-O 11. Nf4 Rd8 12. Qe2 Ne5 13. h3 d6 14. Rd1 Bd7 15.
Nd3 Rac8 16. f4 Nxd3 17. cxd3 b5 18. axb5 axb5 19. Be3 b4 20. Na4 Qc2 21. Rd2
Qc6 22. Nb6 Rb8 23. Nxd7 Rxd7 24. Rc2 Qb5 25. d4 Qxe2 26. Rxe2 Rc8 1/2-1/2

[Event "Politiken Cup 2007"]
[Site "Helsingor"]
[Date "2007.07.24"]
[Round "5.38"]
[White "Edakina, Maria"]
[Black "Jacobsen, Per"]
[Result "1-0"]
[WhiteElo "1281"]
[BlackElo "1730"]
[PlyCount "33"]
[EventDate "2007.??.??"]

1. d4 Nf6 2. c4 e5 3. dxe5 Ne4 4. Nf3 Nc6 5. a3 d6 6. Bf4 Bg4 7. Qd5 Bxf3 8.
gxf3 Nc5 9. exd6 cxd6 10. Nc3 Nb3 11. Rd1 Qf6 12. Qe4+ Be7 13. Rxd6 Qh4 14.
Rxc6 bxc6 15. Qxc6+ Kd8 16. Bc7+ Kc8 17. Bb6+ 1-0

[Event "Politiken Cup 2007"]
[Site "Helsingor"]
[Date "2007.07.24"]
[Round "5.39"]
[White "Christensen, Stefan"]
[Black "Sihvonen, Tero"]
[Result "1-0"]
[WhiteElo "2301"]
[BlackElo "2056"]
[PlyCount "57"]
[EventDate "2007.??.??"]

1. e4 e5 2. Nf3 Nc6 3. Bb5 f5 4. Nc3 Nf6 5. exf5 Nd4 6. Nxe5 Bc5 7. O-O O-O 8.
d3 Nxf5 9. Nf3 d5 10. d4 Bb4 11. Bd3 c5 12. dxc5 Bxc3 13. bxc3 Qc7 14. c4 dxc4
15. Bxc4+ Kh8 16. Bb2 Bd7 17. Ne5 Be8 18. Qd3 Nd7 19. Nxd7 Bxd7 20. Rae1 Rad8
21. Qc3 Bc6 22. Re5 Rf6 23. Qh3 Rg6 24. f3 Nh6 25. Bd3 Rxd3 26. cxd3 Nf7 27.
Rh5 Ng5 28. Qf5 Nxf3+ 29. Rxf3 1-0

[Event "Politiken Cup 2007"]
[Site "Helsingor"]
[Date "2007.07.24"]
[Round "5.40"]
[White "Sylvan, Jacob"]
[Black "Borg, Andrew"]
[Result "1/2-1/2"]
[WhiteElo "2281"]
[BlackElo "2102"]
[PlyCount "80"]
[EventDate "2007.??.??"]

1. d4 d5 2. c4 c6 3. Nf3 Nf6 4. Nc3 dxc4 5. a4 Bf5 6. e3 e6 7. Bxc4 Bb4 8. O-O
O-O 9. Qe2 Nbd7 10. e4 Bg6 11. Bd3 Bh5 12. h3 Bxf3 13. Qxf3 e5 14. Be3 Re8 15.
Rfd1 Qe7 16. Qg3 exd4 17. Bxd4 Bc5 18. Bc2 Bxd4 19. Rxd4 Nf8 20. Rad1 Rad8 21.
Qe3 b6 22. f4 Rxd4 23. Rxd4 Ne6 24. Rd1 Rd8 25. e5 Rxd1+ 26. Bxd1 Nd5 27. Nxd5
cxd5 28. f5 Qc5 29. Kf2 Nc7 30. Bb3 Kf8 31. Kf3 d4 32. Qe4 Qb4 33. Qc2 Qe7 34.
Qc4 Qd7 35. Ke4 Ne8 36. Qxd4 Qe7 37. Qc3 Nd6+ 38. Kf3 Qb7+ 39. Ke3 Nxf5+ 40.
Kf2 Qd7 1/2-1/2

[Event "Politiken Cup 2007"]
[Site "Helsingor"]
[Date "2007.07.24"]
[Round "5.42"]
[White "Hirneise, Jens"]
[Black "Hvenekilde, Jorgen"]
[Result "1-0"]
[WhiteElo "2090"]
[BlackElo "2239"]
[PlyCount "33"]
[EventDate "2007.??.??"]

1. e4 e5 2. Nf3 Nc6 3. Bb5 Bc5 4. c3 Nf6 5. d4 Bb6 6. Nxe5 Nxe5 7. dxe5 Nxe4 8.
Qg4 Bxf2+ 9. Kd1 Qh4 10. Qxg7 Rf8 11. b4 Nxc3+ 12. Nxc3 Qxb4 13. Bd2 Bc5 14.
Re1 Qd4 15. e6 Qxg7 16. exd7+ Kd8 17. Re8+ 1-0

[Event "Politiken Cup 2007"]
[Site "Helsingor"]
[Date "2007.07.24"]
[Round "5.43"]
[White "Orndahl, Markus"]
[Black "Roelvaag, Mikael"]
[Result "1-0"]
[WhiteElo "2078"]
[BlackElo "2245"]
[PlyCount "79"]
[EventDate "2007.??.??"]

1. e4 c5 2. Nf3 Nc6 3. d4 cxd4 4. Nxd4 g6 5. c4 Nf6 6. Nc3 d6 7. Be2 Nxd4 8.
Qxd4 Bg7 9. Bg5 O-O 10. Qd2 Be6 11. Rc1 Qa5 12. f3 Rfc8 13. b3 a6 14. Na4 Qxd2+
15. Kxd2 Rc6 16. Be3 Nd7 17. g4 f5 18. gxf5 gxf5 19. Rhg1 Kh8 20. Nc3 fxe4 21.
fxe4 Be5 22. Bh6 Rcc8 23. Nd5 Bxd5 24. exd5 Rg8 25. h3 a5 26. Bg4 Bd4 27. Rge1
Ne5 28. Re4 Bc5 29. Bf4 Nxg4 30. hxg4 Rg7 31. Kd3 Rf7 32. Rce1 a4 33. b4 Bxb4
34. Rb1 Bc5 35. Rxb7 Raf8 36. Be3 Rf3 37. Rexe7 Rh3 38. Rbc7 a3 39. Rxc5 dxc5
40. d6 1-0

[Event "Politiken Cup 2007"]
[Site "Helsingor"]
[Date "2007.07.24"]
[Round "5.45"]
[White "Andreasen, Per"]
[Black "Thomassen, Joachim"]
[Result "0-1"]
[WhiteElo "2228"]
[BlackElo "2075"]
[PlyCount "128"]
[EventDate "2007.??.??"]

1. g3 Nf6 2. Nf3 e6 3. Bg2 d5 4. O-O Be7 5. d4 O-O 6. c4 dxc4 7. Qc2 a6 8. Qxc4
b5 9. Qc2 Bb7 10. Bg5 Nbd7 11. Nbd2 Rc8 12. Nb3 Bd5 13. Qc1 c5 14. dxc5 a5 15.
Qf4 a4 16. Nbd2 Bb7 17. Rfd1 Rxc5 18. Bxf6 Bxf6 19. Ne4 Bxe4 20. Qxe4 Bxb2 21.
Rab1 a3 22. Qb7 Rc7 23. Qxb5 Qb8 24. Qh5 Nf6 25. Qh4 Qb5 26. e3 Qc4 27. Qxc4
Rxc4 28. Ne1 Rfc8 29. Kf1 g6 30. Ke2 Rb4 31. Rd2 Rb6 32. Rc2 Rcb8 33. Nd3 Nd7
34. Bf1 Kf8 35. Kd1 Bf6 36. Rxb6 Nxb6 37. Bg2 Na4 38. Nc5 Rb1+ 39. Ke2 Nxc5 40.
Rxc5 Ra1 41. Rc2 Bb2 42. Be4 Rxa2 43. h4 Ra1 44. Rc8+ Ke7 45. Ra8 Be5 46. Bd3
h6 47. Ra7+ Kf6 48. Bc4 Bd6 49. Kd3 g5 50. hxg5+ hxg5 51. Ra6 Be7 52. Ke4 Rc1
53. Bd3 Rc7 54. f4 Bc5 55. Ra4 Ra7 56. Rxa7 Bxa7 57. Bc4 g4 58. Bb3 Bb6 59. Kd3
Ke7 60. Ke4 Kf6 61. Bc4 Ba5 62. Kd3 Be1 63. Kc2 Bxg3 64. Be2 Bf2 0-1

[Event "Politiken Cup 2007"]
[Site "Helsingor"]
[Date "2007.07.24"]
[Round "5.46"]
[White "Nurmi, Timo"]
[Black "Jorgensen, Dennis"]
[Result "1/2-1/2"]
[WhiteElo "2008"]
[BlackElo "2190"]
[PlyCount "44"]
[EventDate "2007.??.??"]

1. d4 Nf6 2. Nf3 e6 3. Bg5 d5 4. e3 Be7 5. Bd3 c5 6. c3 Qb6 7. Qc2 h6 8. Bh4
Nc6 9. Nbd2 Bd7 10. Ne5 Qc7 11. Ndf3 Rc8 12. Rc1 Nxe5 13. Nxe5 a6 14. Qe2 Bc6
15. O-O O-O 16. Qf3 Bb5 17. Bxb5 axb5 18. Qe2 c4 19. a3 Ne4 20. Bxe7 Qxe7 21.
f3 Nd6 22. Rce1 Qg5 1/2-1/2

[Event "Politiken Cup 2007"]
[Site "Helsingor"]
[Date "2007.07.24"]
[Round "5.47"]
[White "Molvig, Henrik"]
[Black "Schmied, Andreas"]
[Result "1/2-1/2"]
[WhiteElo "2215"]
[BlackElo "2054"]
[PlyCount "73"]
[EventDate "2007.??.??"]

1. d4 Nf6 2. c4 e6 3. Nf3 b6 4. g3 Ba6 5. Nbd2 d5 6. Bg2 Be7 7. Ne5 O-O 8. O-O
Bb7 9. cxd5 exd5 10. Qa4 Qe8 11. Qc2 Na6 12. Nb3 Bd6 13. Nd3 Qe7 14. Bf4 Bxf4
15. Nxf4 c6 16. Rfe1 Rac8 17. Rac1 Rfd8 18. a3 Nb8 19. Rcd1 Nbd7 20. Nd3 Nf8
21. Nf4 Ne6 22. Nxe6 Qxe6 23. Nd2 c5 24. Qa4 a6 25. Nf3 Ne4 26. Rc1 Re8 27. e3
Qf5 28. Red1 b5 29. Qa5 c4 30. Qb6 Rb8 31. a4 bxa4 32. Qa5 Ba8 33. Qxa4 Rec8
34. Rc2 Rb6 35. Ne5 Bc6 36. Nxc6 Rbxc6 37. Bxe4 1/2-1/2

[Event "Politiken Cup 2007"]
[Site "Helsingor"]
[Date "2007.07.24"]
[Round "5.48"]
[White "Knudsen, Jes West"]
[Black "Nielsen, Jan Mose"]
[Result "1/2-1/2"]
[WhiteElo "1990"]
[BlackElo "2175"]
[PlyCount "36"]
[EventDate "2007.??.??"]

1. e4 e6 2. Nf3 c5 3. Nc3 Nc6 4. Bb5 Nge7 5. O-O a6 6. Bxc6 Nxc6 7. d4 cxd4 8.
Nxd4 Qc7 9. Nxc6 dxc6 10. Be3 e5 11. Na4 Be6 12. Bb6 Qc8 13. Qh5 Bd6 14. Rfd1
Bc7 15. Bc5 h6 16. Qh4 g5 17. Qg3 f6 18. Nb6 Bxb6 1/2-1/2

[Event "Politiken Cup 2007"]
[Site "Helsingor"]
[Date "2007.07.24"]
[Round "5.50"]
[White "Nielsen, Palle"]
[Black "Holst, Conny"]
[Result "0-1"]
[WhiteElo "1877"]
[BlackElo "2139"]
[PlyCount "134"]
[EventDate "2007.??.??"]

1. e4 c5 2. Nf3 d6 3. Bc4 e6 4. Nc3 a6 5. a4 Be7 6. O-O Nc6 7. d3 Nf6 8. h3 O-O
9. Nh2 d5 10. Ba2 h6 11. f4 dxe4 12. dxe4 Qd4+ 13. Qxd4 cxd4 14. Ne2 Nxe4 15.
Nf3 Rd8 16. Bb1 Bf8 17. Kh2 f5 18. Ne1 b6 19. Nd3 Ra7 20. Ng3 Nxg3 21. Kxg3 Bd6
22. Kf3 Nb4 23. Ke2 Rc7 24. Nxb4 Bxb4 25. Bd2 a5 26. Rd1 Ba6+ 27. Ke1 Be7 28.
Kf2 Bf6 29. Re1 Kf7 30. Ra3 Bc4 31. Rd1 g5 32. g3 Bd5 33. c3 gxf4 34. Bxf4 e5
35. Bxh6 Rh8 36. cxd4 Rxh6 37. dxe5 Be7 38. Rxd5 Bxa3 39. bxa3 Rxh3 40. Bxf5
Rh2+ 41. Kf3 Rc5 42. Rxc5 bxc5 43. Bd3 Ke7 44. g4 Rh3+ 45. Ke4 Rg3 46. Bc4 Rxa3
47. Bb5 c4 48. g5 c3 49. Kd3 Ke6 50. g6 c2+ 51. Kxc2 Kxe5 52. Bc4 Rg3 53. Bf7
Kd4 54. Kd2 Rg2+ 55. Ke1 Ke3 56. Kf1 Rg5 57. Be8 Kd4 58. Kf2 Ke5 59. Kf3 Kf6
60. Kf4 Rg1 61. Kf3 Re1 62. Bf7 Ra1 63. Be8 Ke7 64. Bb5 Rg1 65. Bd3 Kf6 66. Kf2
Ra1 67. Bc2 Ra2 0-1

[Event "Politiken Cup 2007"]
[Site "Helsingor"]
[Date "2007.07.24"]
[Round "5.51"]
[White "Aanstad, Magnus"]
[Black "Christensen, Janus"]
[Result "1-0"]
[WhiteElo "1818"]
[BlackElo "2137"]
[PlyCount "53"]
[EventDate "2007.??.??"]

1. e4 e5 2. Nf3 Nc6 3. d4 exd4 4. Bc4 Nf6 5. O-O Nxe4 6. Re1 d5 7. Bxd5 Qxd5 8.
Nc3 Qh5 9. Nxe4 Be6 10. Bg5 h6 11. Bh4 Bb4 12. c3 dxc3 13. bxc3 Be7 14. Bxe7
Nxe7 15. Qa4+ Nc6 16. Nd4 Qd5 17. Nxe6 fxe6 18. Rad1 Qf5 19. Ng3 Qf7 20. Qa3
Qe7 21. Qb3 Nd8 22. Rxd8+ Qxd8 23. Qxe6+ Kf8 24. Re3 Qd1+ 25. Nf1 g6 26. Qf6+
Kg8 27. Re7 1-0

[Event "Politiken Cup 2007"]
[Site "Helsingor"]
[Date "2007.07.24"]
[Round "5.52"]
[White "Peschardt, Soren"]
[Black "Brorsen, Jacob Abildlund"]
[Result "1-0"]
[WhiteElo "2137"]
[BlackElo "1818"]
[PlyCount "69"]
[EventDate "2007.??.??"]

1. d4 d5 2. c4 e6 3. Nc3 Nf6 4. Bg5 Be7 5. e3 c6 6. Nf3 b6 7. Bd3 dxc4 8. Bxc4
Ba6 9. Bxa6 Nxa6 10. Ne5 Qc8 11. Qf3 Nb4 12. O-O Qb7 13. Bxf6 gxf6 14. Ng4 f5
15. Ne5 O-O 16. a3 Nd5 17. Nxd5 cxd5 18. Rac1 Rac8 19. Rxc8 Qxc8 20. Nd3 Qc2
21. Qg3+ Kh8 22. Qe5+ Kg8 23. Nf4 Qc6 24. Nh5 f6 25. Qg3+ Kf7 26. Qg7+ Ke8 27.
Qxh7 Qc2 28. g4 Qe2 29. gxf5 Qg4+ 30. Ng3 Rg8 31. f3 Qg5 32. Kf2 Kd8 33. Rg1
Bf8 34. Ne2 Rg7 35. Qh8 1-0

[Event "Politiken Cup 2007"]
[Site "Helsingor"]
[Date "2007.07.24"]
[Round "5.53"]
[White "Pedersen, Christian Kyndel"]
[Black "Ziska, Andrias"]
[Result "1-0"]
[WhiteElo "2392"]
[BlackElo "1901"]
[PlyCount "67"]
[EventDate "2007.??.??"]

1. Nf3 Nf6 2. c4 d6 3. d4 g6 4. Nc3 Bg7 5. g3 O-O 6. Bg2 Nc6 7. O-O e5 8. d5
Ne7 9. e4 Ne8 10. Ne1 f5 11. Nd3 h6 12. Bd2 Rf7 13. Qe2 Kh7 14. f4 exf4 15.
Nxf4 Bd4+ 16. Kh1 Ng7 17. Rae1 Qf8 18. Nb5 Bb6 19. e5 dxe5 20. Qxe5 Ng8 21. Qc3
Bd7 22. Ne6 Qc8 23. Nxg7 Rxg7 24. Nd4 Bxd4 25. Qxd4 c5 26. dxc6 Bxc6 27. Bc3
Bxg2+ 28. Kxg2 Qc7 29. Rd1 Re8 30. Qxg7+ Qxg7 31. Bxg7 Kxg7 32. Rd7+ Re7 33.
Rxe7+ Nxe7 34. Rd1 1-0

[Event "Politiken Cup 2007"]
[Site "Helsingor"]
[Date "2007.07.24"]
[Round "5.54"]
[White "Mikkelsen, Nikolaj"]
[Black "Henrichsen, Jens"]
[Result "0-1"]
[WhiteElo "2303"]
[BlackElo "2010"]
[PlyCount "86"]
[EventDate "2007.??.??"]

1. e4 c5 2. Nf3 d6 3. d4 cxd4 4. Nxd4 Nf6 5. Nc3 a6 6. g3 e5 7. Nb3 Be7 8. Bg2
O-O 9. O-O Nbd7 10. Re1 b5 11. a3 Bb7 12. Bg5 h6 13. Bxf6 Nxf6 14. Nd2 Rc8 15.
Nf1 Rc4 16. Qe2 Qc7 17. Ne3 Rxc3 18. bxc3 Nxe4 19. Nf5 Nxc3 20. Qg4 Bf6 21.
Bxb7 Qxb7 22. Nxd6 Qb6 23. Ne4 Nxe4 24. Rxe4 Qc5 25. Qe2 Qc3 26. Ra2 Rd8 27.
Re3 Qc6 28. c3 Rd5 29. h4 Qd7 30. Kh2 Rd1 31. a4 bxa4 32. Re4 a3 33. Rxa3 Rd2
34. Qf3 Be7 35. Rxa6 Qb7 36. Ra1 Bc5 37. Re3 e4 38. Qxe4 Rxf2+ 39. Kh3 Qc8+ 40.
g4 Bd6 41. Rh1 Qa6 42. Qd5 Qf1+ 43. Rxf1 Rh2# 0-1

[Event "Politiken Cup 2007"]
[Site "Helsingor"]
[Date "2007.07.24"]
[Round "5.55"]
[White "Flindt, Thomas"]
[Black "Jensen, Soren Holm"]
[Result "1-0"]
[WhiteElo "2196"]
[BlackElo "2004"]
[PlyCount "79"]
[EventDate "2007.??.??"]

1. e4 e5 2. Nf3 Nc6 3. Bb5 a6 4. Bxc6 dxc6 5. O-O f6 6. d4 exd4 7. Qxd4 Qxd4 8.
Nxd4 Bd7 9. Be3 O-O-O 10. Nd2 Ne7 11. Nc4 Ng6 12. Rad1 Bg4 13. f3 Bd7 14. f4
Re8 15. Nd2 Bd6 16. Rde1 c5 17. Ne2 Re7 18. Ng3 Rhe8 19. Nc4 b5 20. Nd2 c4 21.
c3 Kb7 22. b3 cxb3 23. Nxb3 Rd8 24. Nf5 Bxf5 25. exf5 Nf8 26. Na5+ Kc8 27. Nc6
Rde8 28. Nxe7+ Rxe7 29. Bf2 Rd7 30. Re8+ Rd8 31. Rxd8+ Kxd8 32. g3 Nd7 33. Kg2
c5 34. Kf3 b4 35. Ke4 a5 36. Kd5 Kc7 37. cxb4 axb4 38. Rd1 Nb6+ 39. Ke6 Nc4 40.
Rc1 1-0

[Event "Politiken Cup 2007"]
[Site "Helsingor"]
[Date "2007.07.24"]
[Round "5.56"]
[White "Nielsen, John Holm"]
[Black "Pedersen, Henrik B"]
[Result "1/2-1/2"]
[WhiteElo "2024"]
[BlackElo "2189"]
[PlyCount "145"]
[EventDate "2007.??.??"]

1. Nc3 e6 2. e4 d5 3. g3 Nf6 4. Bg2 Be7 5. d3 b6 6. Nh3 Bb7 7. O-O dxe4 8. dxe4
O-O 9. Be3 Qxd1 10. Raxd1 Na6 11. a3 Nc5 12. f3 a5 13. Rf2 Bc6 14. Bf1 Rab8 15.
Rfd2 b5 16. Nf2 b4 17. axb4 axb4 18. Ne2 e5 19. Nd3 Nfd7 20. b3 Nxd3 21. Rxd3
Nc5 22. R3d2 f5 23. Nc1 fxe4 24. Bc4+ Kh8 25. Bd5 Rxf3 26. Bxc6 Rxe3 27. Re2
Rxe2 28. Nxe2 Rb6 29. Be8 g6 30. Rf1 Bf6 31. Bf7 Kg7 32. Bc4 Rd6 33. c3 Nd3 34.
cxb4 Nb2 35. Nc3 Nxc4 36. bxc4 Rd4 37. Nd5 Bg5 38. h4 Bd2 39. Nxc7 Rxc4 40.
Ne6+ Kh6 41. Rf7 Rc1+ 42. Kf2 e3+ 43. Ke2 Re1+ 44. Kd3 Rg1 45. Ng5 Kh5 46. Ne4
Kg4 47. Nxd2 exd2 48. Kxd2 Rxg3 49. Rxh7 Rb3 50. Rh6 Kf5 51. h5 g5 52. Rb6 g4
53. h6 Rh3 54. Ke2 Rh2+ 55. Ke3 Rh3+ 56. Kf2 e4 57. Rc6 e3+ 58. Ke2 Ke4 59.
Rc4+ Kf5 60. b5 Rxh6 61. Kxe3 Rh3+ 62. Kf2 Rb3 63. Rc5+ Kf4 64. Rc4+ Kg5 65.
Rc8 Rxb5 66. Rg8+ Kf4 67. Rf8+ Rf5 68. Rxf5+ Kxf5 69. Kg3 Kg5 70. Kg2 Kf4 71.
Kf2 g3+ 72. Kg2 Kg4 73. Kg1 1/2-1/2

[Event "Politiken Cup 2007"]
[Site "Helsingor"]
[Date "2007.07.24"]
[Round "5.57"]
[White "Andersen, Rune Egede"]
[Black "Petersen, Peter Birk"]
[Result "0-1"]
[WhiteElo "2016"]
[BlackElo "2187"]
[PlyCount "48"]
[EventDate "2007.??.??"]

1. e4 c5 2. c3 e6 3. d4 b6 4. Bd3 Bb7 5. Nf3 Nf6 6. Bg5 Be7 7. Nbd2 Nc6 8. e5
Nd5 9. Ne4 f6 10. exf6 Nxf6 11. Bxf6 gxf6 12. Ne5 Nxe5 13. dxe5 O-O 14. exf6
Bxf6 15. Nd6 Bc6 16. h4 Qe7 17. Rh3 Be5 18. Ne4 Bxe4 19. Bxe4 d5 20. Bxd5 exd5
21. Qxd5+ Kh8 22. Re3 Rae8 23. Rd1 Qxh4 24. g3 Bxg3 0-1

[Event "Politiken Cup 2007"]
[Site "Helsingor"]
[Date "2007.07.24"]
[Round "5.58"]
[White "Wiwe, Andreas"]
[Black "Andersen, Daniel"]
[Result "1-0"]
[WhiteElo "2187"]
[BlackElo "1997"]
[PlyCount "51"]
[EventDate "2007.??.??"]

1. e4 e6 2. d4 d5 3. Nc3 Nf6 4. e5 Nfd7 5. f4 c5 6. Nf3 Nc6 7. Be3 cxd4 8. Nxd4
Qb6 9. Qd2 Qxb2 10. Rb1 Qa3 11. Bb5 Nxd4 12. Bxd4 Bb4 13. O-O O-O 14. Rb3 Qa5
15. Qd3 Nb6 16. Qg3 Na4 17. Bxa4 Bxc3 18. Bxc3 Qxa4 19. Bb4 Re8 20. Qg5 Qd7 21.
Rg3 g6 22. Rh3 Qd8 23. Qh6 Qb6+ 24. Kh1 Qxb4 25. Qxh7+ Kf8 26. Qh4 1-0

[Event "Politiken Cup 2007"]
[Site "Helsingor"]
[Date "2007.07.24"]
[Round "5.59"]
[White "Tadjerbashi, Amir"]
[Black "Skovgaard, Tom"]
[Result "1/2-1/2"]
[WhiteElo "2182"]
[BlackElo "1995"]
[PlyCount "112"]
[EventDate "2007.??.??"]

1. e4 Nf6 2. e5 Nd5 3. d4 d6 4. c4 Nb6 5. exd6 cxd6 6. Nc3 g6 7. h3 Bg7 8. Nf3
O-O 9. Be3 Nc6 10. Qd2 e5 11. O-O-O exd4 12. Nxd4 d5 13. c5 Nc4 14. Nxc6 Nxd2
15. Nxd8 Nxf1 16. Rhxf1 Bxc3 17. bxc3 Rxd8 18. Bg5 Re8 19. Rxd5 Be6 20. Rd2
Rac8 21. Be3 Red8 22. Bd4 f5 23. Rb2 Bd5 24. g4 fxg4 25. hxg4 Bf3 26. g5 a6 27.
Rb6 Re8 28. Rf6 Be4 29. Rd6 Bc6 30. f4 Rc7 31. f5 gxf5 32. Rxf5 Be4 33. Rf2 Rf8
34. Rxf8+ Kxf8 35. Rf6+ Ke7 36. Be5 Rc6 37. Bd6+ Kd7 38. Rf7+ Kc8 39. Rf8+ Kd7
40. Rf7+ Kc8 41. Kd2 b6 42. Ke3 Bg6 43. Rf8+ Kd7 44. Kd4 bxc5+ 45. Bxc5 Re6 46.
Ra8 Rc6 47. a4 Bc2 48. Ra7+ Kc8 49. a5 Rg6 50. Rxh7 Rxg5 51. Rh6 Rg4+ 52. Kd5
Rg6 53. Rxg6 Bxg6 54. Kc6 Bd3 55. Bb6 Bb5+ 56. Kd6 Bd3 1/2-1/2

[Event "Politiken Cup 2007"]
[Site "Helsingor"]
[Date "2007.07.24"]
[Round "5.60"]
[White "Gretarsson, Hjorvar Stein"]
[Black "Goes, Dirk"]
[Result "1-0"]
[WhiteElo "2168"]
[BlackElo "1987"]
[PlyCount "53"]
[EventDate "2007.??.??"]

1. d4 c5 2. d5 e5 3. c4 d6 4. e4 g6 5. Nc3 a6 6. Bd3 Bg7 7. Be3 Ne7 8. Qd2 O-O
9. Nge2 f5 10. f3 f4 11. Bf2 g5 12. a4 Nd7 13. h4 h6 14. g3 Ng6 15. hxg5 hxg5
16. O-O-O Nf6 17. Rdg1 Kf7 18. gxf4 gxf4 19. Rh2 Rh8 20. Rhg2 Rh6 21. Nxf4 Nxf4
22. Rxg7+ Kf8 23. Be3 Nxd3+ 24. Qxd3 Rh2 25. Bd2 Bd7 26. Qe3 Rh5 27. Qf2 1-0

[Event "Politiken Cup 2007"]
[Site "Helsingor"]
[Date "2007.07.24"]
[Round "5.61"]
[White "Vas, Peter"]
[Black "Koskinen, Veikko"]
[Result "1-0"]
[WhiteElo "2166"]
[BlackElo "1977"]
[PlyCount "85"]
[EventDate "2007.??.??"]

1. e4 c6 2. d4 d5 3. Nd2 dxe4 4. Nxe4 Nf6 5. Nxf6+ gxf6 6. c3 Qd5 7. Be3 Bf5 8.
Qd2 e5 9. Rd1 a5 10. c4 Qd8 11. Ne2 h5 12. h4 Be7 13. Nc3 Na6 14. Be2 Qc7 15.
O-O O-O-O 16. d5 Nc5 17. Bf3 Bg4 18. Qe2 f5 19. Qc2 e4 20. Be2 Rhg8 21. Kh1
Bxe2 22. Nxe2 Rg4 23. g3 Nd3 24. Rxd3 exd3 25. Qxd3 Qd7 26. f3 Rg6 27. Bf4 Rdg8
28. Nd4 Bd6 29. Bxd6 Rxd6 30. f4 cxd5 31. c5 Rf6 32. Nb5 d4 33. Nd6+ Kb8 34.
Qxd4 Re6 35. Kh2 Re2+ 36. Rf2 Re1 37. Qd5 Qc6 38. Qxc6 bxc6 39. Nxf7 Kc7 40.
Nd6 Rb8 41. Nxf5 Rc1 42. Nd4 Re8 43. f5 1-0

[Event "Politiken Cup 2007"]
[Site "Helsingor"]
[Date "2007.07.24"]
[Round "5.62"]
[White "Petersen, Steen"]
[Black "Tuomisto, Keijo"]
[Result "1-0"]
[WhiteElo "2165"]
[BlackElo "1965"]
[PlyCount "107"]
[EventDate "2007.??.??"]

1. e4 e5 2. Nf3 Nf6 3. d4 exd4 4. Bc4 Nc6 5. e5 Ne4 6. Qe2 Nc5 7. O-O Be7 8.
Rd1 d3 9. cxd3 Na5 10. Bxf7+ Kxf7 11. b4 Ne6 12. bxa5 Rf8 13. Nc3 Kg8 14. d4 c6
15. d5 cxd5 16. Nxd5 Bc5 17. Be3 b6 18. Bxc5 bxc5 19. a6 Rf7 20. Rab1 Qa5 21.
Qe4 Qxa6 22. Nc3 Qc6 23. Rd6 Qxe4 24. Nxe4 h6 25. Nfd2 Rf8 26. g3 g5 27. Nf6+
Kg7 28. Nc4 Rf7 29. Ne3 Nd4 30. Ned5 Nf3+ 31. Kg2 Nxe5 32. Ne8+ Kh7 33. Ndc7
Nc4 34. Rf6 Re7 35. Rf8 Nb6 36. Nxa8 Bb7+ 37. Kh3 h5 38. Nxb6 Be4 39. Nf6+ Kg7
40. Nxe4 Kxf8 41. Nxd7+ Rxd7 42. Nxc5 Rd5 43. Ne6+ Kf7 44. Nxg5+ Rxg5 45. Rb7+
Kg6 46. Rxa7 Rc5 47. a4 Rd5 48. Rb7 Rc5 49. Rb6+ Kg7 50. Rb5 Rc4 51. Rxh5 Rxa4
52. f4 Kg6 53. Kg4 Rb4 54. Rc5 1-0

[Event "Politiken Cup 2007"]
[Site "Helsingor"]
[Date "2007.07.24"]
[Round "5.63"]
[White "Kaaber, Jacob"]
[Black "Petersen, Lars"]
[Result "1-0"]
[WhiteElo "2162"]
[BlackElo "1958"]
[PlyCount "53"]
[EventDate "2007.??.??"]

1. e4 c5 2. Nf3 Nc6 3. d4 cxd4 4. Nxd4 g6 5. c4 Nf6 6. Nc3 d6 7. Be2 Nxd4 8.
Qxd4 Bg7 9. Bg5 O-O 10. Qd2 b5 11. cxb5 Bb7 12. f3 Qa5 13. O-O Rfb8 14. a3 a6
15. b4 Qc7 16. Rfc1 Qd7 17. a4 Rc8 18. bxa6 Bxa6 19. b5 Bb7 20. a5 Rc5 21. Be3
Rh5 22. a6 Bc8 23. b6 Bxa6 24. Rxa6 Rxa6 25. Bxa6 Ra5 26. b7 Qd8 27. Nb5 1-0

[Event "Politiken Cup 2007"]
[Site "Helsingor"]
[Date "2007.07.24"]
[Round "5.65"]
[White "Nielsen, Borge Hjerrild"]
[Black "Thorvaldsson, Arni"]
[Result "1/2-1/2"]
[WhiteElo "2121"]
[BlackElo "1947"]
[PlyCount "70"]
[EventDate "2007.??.??"]

1. d4 Nf6 2. c4 g6 3. Nf3 Bg7 4. g3 O-O 5. Bg2 d6 6. O-O Nbd7 7. Qc2 e5 8. Rd1
exd4 9. Nxd4 a6 10. e4 Re8 11. Nc3 Rb8 12. h3 Ne5 13. b3 c5 14. Nde2 Qe7 15.
Bb2 b5 16. cxb5 axb5 17. Nf4 b4 18. Ncd5 Nxd5 19. Nxd5 Qa7 20. a3 bxa3 21. Rxa3
Qb7 22. f4 Nc4 23. Bxg7 Nxa3 24. Qc3 Qxb3 25. Nf6+ Kxg7 26. Nxe8+ Kf8 27. Qxb3
Rxb3 28. Nxd6 Ba6 29. Rc1 c4 30. e5 c3 31. Be4 c2 32. Bxc2 Rxg3+ 33. Kh1 Rxh3+
34. Kg1 Rg3+ 35. Kh1 Rh3+ 1/2-1/2